All Egzod Debuts On NCS - Statistics

General Stats
  • This quiz has been taken 7 times
  • The average score is 9 of 16
Answer Stats
Feat. Title Views % Correct
EMM Game Over 7,1M
100%
Maestro Chives, Alaina Cross No Rival 8,7M
100%
Veronica Bravo, M.I.M.E Rise Up 18M
100%
Maestro Chives, Neoni Royalty 84M
100%
evOke Departure 3,7M
60%
EMM Don't Surrender 6,4M
60%
Alan Walker (In OG) Dreamer Remix 851K
60%
Leo The Kind Paper Crowns 2,1M
60%
Chris Linton Wake Up 3,6M
60%
Rival, Andreas Stone Live A Lie 6,3M
40%
Leo The Kind Mirage 4,3M
40%
Neoni The Revolution 5,1M
40%
Tanjent Universe 2,3M
40%
Wasiu Mutiny 1,7M
20%
Anna Yvette My City 3,3M
20%
Arcando, Mathew V Runaway 1,3M
0%
No matching quizzes found
Score Distribution
Percent of People with Each Score
Percentile by Number Answered
Your Score History
You have not taken this quiz